Termoelektrická chladiaca jednotka

Uložené v:
Podrobná bibliografia
Hlavný autor: Laco, Samuel (Autor)
Ďalší autori: Gašparík, Marek (Vedúci práce)
Médium: Rukopis Kniha
Jazyk:Slovak
Vydavateľské údaje: 2021
Predmet:
On-line prístup:http://is.stuba.sk/zp/portal_zp.pl?podrobnosti=165619
Tagy: Pridať tag
Žiadne tagy, Buďte prvý, kto otaguje tento záznam!

MARC

LEADER 00000ntm a22000003a 4500
001 stuzp85738
003 SK-STU
005 20210717210607.5
007 ta
008 150427s2015----xo-----f-mn---000-0-slo-d
040 |a STU  |b slo 
041 0 |a slo 
100 1 |a Laco, Samuel  |u 020010  |4 aut  |U SjF Strojnícka fakulta  |T SjF Ústav aplikovanej mechaniky a mechatroniky  |X 98577  |U J0010  |Y 801  |7 98577 
242 0 1 |a Thermoelectric cooling unit  |y eng 
245 1 0 |a Termoelektrická chladiaca jednotka 
260 |c 2021 
650 4 |a simulácia  |2 slo 
650 4 |a mechanické komponenty  |2 slo 
650 4 |a riadiaca elektronika  |2 slo 
650 4 |a Termoelektricky článok  |2 slo 
650 4 |a aditívna výroba  |2 slo 
650 4 |a teplota chladiaceho obehu  |2 slo 
650 4 |a mechanical parts  |2 eng 
650 4 |a Thermoelectric module  |2 eng 
650 4 |a simulation, mechanical parts  |2 eng 
650 4 |a temperature of cooling liquid  |2 eng 
650 4 |a control circuits  |2 eng 
650 4 |a additive manufacturing  |2 eng 
700 1 |a Gašparík, Marek  |u 020010  |k Z2  |4 ths  |U SjF Strojnícka fakulta  |T SjF Ústav aplikovanej mechaniky a mechatroniky  |X 68106  |U J0010  |Y 801  |7 A000068106 
856 4 |u http://is.stuba.sk/zp/portal_zp.pl?podrobnosti=165619